01478nam a2200373 a 4500001001200000003000800012006001900020007001500039008004100054010001700095020003600112040002100148035002100169050002400190082001700214100002900231245010400260246004100364260005200405300001500457504005100472505008900523533015200612650002400764650002600788650002800814650002100842650002800863650002400891650001700915655002900932710001700961856012600978ebr10271873CaPaEBRm u cr cn|||||||||051123s2006 ilu sb 001 0 eng  z 2005034148 z0226394751 (cloth : alk. paper) aCaPaEBRcCaPaEBR a(OCoLC)64679097114aHM1111b.J37 2006eb04a303.3/422221 aJasper, James M.,d1957-10aGetting your wayh[electronic resource] :bstrategic dilemmas in the real world /cJames M. Jasper.30aStrategic dilemmas in the real world aChicago :bUniversity of Chicago Press,cc2006. axv, 234 p. aIncludes bibliographical references and index.0 aStarting points -- Threats -- Goals -- Capacities -- Players as audiences -- Arenas. aElectronic reproduction.bPalo Alto, Calif. :cebrary,d2013.nAvailable via World Wide Web.nAccess may be limited to ebrary affiliated libraries. 0aSocial interaction. 0aStrategy (Philosophy) 0aMotivation (Psychology) 0aProblem solving. 0aPersuasion (Psychology) 0aChoice (Psychology) 0aLife skills. 7aElectronic books.2local2 aebrary, Inc.40uhttp://site.ebrary.com/lib/rucke/Doc?id=10271873zAn electronic book accessible through the World Wide Web; click to view